Untersuchungen über den feineren Bau und die Metamorphose des Cyphonautes,
Saved in:
| Main Author: | |
|---|---|
| Format: | Book |
| Language: | German |
| Published: |
Stuttgart,
E. Nägele,
1905.
|
| Series: | Zoologica,
19. Hft.47 |
| Subjects: | |
| Tags: |
Add Tag
No Tags, Be the first to tag this record!
|
| LEADER | 00851nam a2200241I 4500 | ||
|---|---|---|---|
| 001 | 005204809-8 | ||
| 005 | 20150312162936.0 | ||
| 008 | 850305s1905 gw af b 000 0 ger | ||
| 010 | |a 08006965 | ||
| 035 | 0 | |a ocm11766958 | |
| 040 | |a DLC |c RRR |d HMZ | ||
| 050 | |a QL398.G9 |b K8 | ||
| 100 | 1 | |a Kupelwieser, Hans. | |
| 245 | 1 | 0 | |a Untersuchungen über den feineren Bau und die Metamorphose des Cyphonautes, |c von Hans Kupelwieser ... Mit 5 Tafeln und 8 Textfiguren. |
| 260 | |a Stuttgart, |b E. Nägele, |c 1905. | ||
| 300 | |a 3 p. l., 50 p. |b illus., V pl. (partly col., partly fold.) |c 32 cm. | ||
| 490 | 0 | |a Zoologica, |v 19. Hft.47 | |
| 500 | |a Some of the illustrations are reproduced in outline on transparent paper. | ||
| 504 | |a "Literatur-Verzeichnis": p. 48. | ||
| 650 | 0 | |a Membranipora. | |
| 650 | 0 | |a Embryology |x Polyzoa. | |
| 988 | |a 20020608 | ||
| 906 | |0 DLC | ||


